| 000 | 00743cab a2200229 4500 | ||
|---|---|---|---|
| 001 | WB2738-06 | ||
| 008 | 090401t1991 xxu||||| |||| 00| 0 eng d | ||
| 035 | _a(Sirsi) u1445 | ||
| 041 | _aeng | ||
| 100 | _aEnsom, Tony | ||
| 245 | _aExtensions of time | ||
| 260 | _c1991 | ||
| 350 | _a0 | ||
| 490 |
_aCS Monthly _bthe Building Surveyor _v(2) October 1991, 11(1) |
||
| 520 | _aDiscusses extensions of time from the building surveyors point of view. | ||
| 650 | _aBUILDING SURVEYORS | ||
| 650 | _aEXTENSIONS OF TIME | ||
| 650 | _aBUILT ENVIRONMENT-BUILDING CONTRACT FORMS-STANDARD FORMS OF BUILDING CONTRACT-JOINT CONTRACTS TRIBNUAL CONTRACTS | ||
| 690 | _aBUILT ENVIRONMENT-BUILDING CONTRACT FORMS | ||
| 942 | _n0 | ||
| 948 | _c04/03/1997 | ||
| 999 |
_c804 _d804 |
||